000 00209nam a22000857a 4500
008 160917b xxu||||| |||| 00| 0 eng d
100 _9641
_aNCERT
245 _aBusiness Studies-XII
260 _aNew Delhi
_bNCERT
_c2009
999 _c3299
_d3299